Films par images (aléatoire) - Statistiques

Statistiques générales
  • Ce quiz a été pris 1 498 fois
    801 depuis la dernière actualisation
  • Le résultat moyen est 9 sur 21
Statistiques - réponses
Par images Réponse % Correct
Aladdin
100%
Bambi
100%
Ça
100%
Cendrillon
100%
Dune
100%
E.T., l'extra-terrestre
100%
La Belle et le Clochard
100%
La Ligne verte
100%
La Petite Sirène
100%
Le Bossu de Notre-Dame
100%
Le Livre de la jungle
100%
Le Roi lion
100%
Mulan
100%
Raiponce
100%
Ratatouille
100%
Shrek
100%
Spider-man
100%
Titanic
100%
Vaiana
100%
Astérix et Obélix : Mission Cléopâtre
96%
Hunger Games
96%
La Reine des neiges
96%
Superman
96%
Deadpool
95%
Kung Fu Panda
95%
Les Aristochats
95%
Brice de Nice
94%
Cars
94%
Joker
94%
Le Monde de Némo
94%
Le Parrain
94%
Les Indestructibles
94%
Moi, moche et méchant
94%
La Princesse et la Grenouille
93%
Maman, j'ai raté l'avion !
93%
Rocky
93%
Scream
93%
Avatar
92%
Tarzan
92%
Pulp Fiction
91%
Camping
90%
Captain America: First Avenger
90%
Là-haut
90%
Le Silence des Agneaux
90%
Seul sur Mars
90%
Toy Story
90%
Zootopie
90%
Coco
89%
La Belle et la Bête
89%
Lala Land
89%
La Soupe aux choux
89%
Les bronzés font du ski
89%
Matrix
89%
Rebelle
89%
Vice-Versa
89%
Bienvenue chez les Ch'tis
88%
Grease
88%
La Belle au bois dormant
88%
Forrest Gump
87%
Intouchables
87%
Paddington
87%
Taxi
87%
The Mask
87%
WALL-E
87%
Avengers
86%
Les Aventuriers de l'arche perdue
86%
Black Swan
85%
Fast and Furious
85%
Les Tuche
85%
Gladiator
84%
La Nuit au musée
84%
Belle et Sébastien
83%
Fight Club
83%
Very Bad Trip
83%
L'Âge de glace
82%
The Revenant
82%
Jurassic Park
81%
Les Aventures de Rabbi Jacob
81%
Les Gardiens de la Galaxie
81%
Shining
81%
Frida
80%
Interstellar
80%
Le loup de Wall Street
80%
Les Visiteurs
80%
Seven
80%
Toy Story 2
80%
Django Unchained
79%
Les Dents de la mer
79%
Les Minions
79%
Lilo et Stitch
79%
Oppenheimer
79%
The Truman Show
79%
Charlie et la Chocolaterie
78%
Mary Poppins
76%
Retour vers le futur
76%
Whiplash
76%
Casino Royale
75%
La Famille Addams
75%
Le Diable s'habille en Prada
75%
Le dîner de cons
75%
Les Goonies
75%
Un p'tit truc en plus
75%
Edward aux mains d'argent
74%
Gremlins
74%
Le Voyage de Chihiro
73%
Men in Black
73%
Soul
73%
Will Hunting
72%
La Haine
71%
Pocahontas
71%
The Whale
71%
300
70%
8 Mile
70%
Black Panther
70%
Léon
70%
Elephant Man
69%
Les Choristes
68%
1 001 Pattes
67%
Alice au pays des merveilles
67%
La Belle et la Bête
67%
La Vie est belle
67%
Le Grand Bain
67%
Mon voisin Totoro
67%
No country for old men
67%
Princesse Mononoké
67%
Les Evadés
65%
Mad Max : Fury Road
65%
Robocop
65%
Inception
64%
L'Odyssée de Pi
64%
Massacre à la tronçonneuse
64%
Didier
63%
La Boum
63%
La Liste de Schindler
63%
Le Dictateur
63%
Psychose
63%
American Beauty
62%
Cyrano de Bergerac
62%
Dirty Dancing
62%
Gatsby le Magnifique
62%
Le Corniaud
62%
Fatal
61%
La Cité de la peur
61%
La Famille Bélier
61%
Predator
61%
Scarface
61%
Drive
60%
Fantomas
60%
Gandhi
60%
John Wick
60%
Le Bon, la Brute et le Truand
60%
Le Magicien d'Oz
60%
Ma vie de Courgette
60%
Top Gun : Maverick
60%
A Star Is Born
59%
Blanche-Neige et les Sept Nains
59%
Coup de foudre à Notting Hill
58%
Le père Noël est une ordure
58%
Qu'est-ce qu'on a fait au Bon Dieu ?
58%
Troie
58%
L'Étrange Noël de monsieur Jack
57%
Old Boy
57%
RRRrrrr!!!
57%
The Dark Knight
57%
Ghost
56%
Les Trois Frères
56%
Parasite
56%
SOS Fantômes
56%
Terminator 2
56%
Green book
55%
Pretty Woman
55%
Ready Player One
55%
American History X
54%
Conan le Barbare
54%
Karaté Kid
54%
Jumanji
53%
Lawrence d'Arabie
53%
Le Cinquième Élément
53%
Les Tontons Flingueurs
53%
Orange Mécanique
53%
The Artist
53%
Thelma et Louise
53%
Harry Potter et le Prisonnier d'Azkaban
52%
Il faut sauver le soldat Ryan
52%
Kill Bill : Volume 2
52%
La Grande Vadrouille
52%
Little Miss Sunshine
52%
Split
52%
Alien, le huitième passager
50%
American Psycho
50%
Beetlejuice
50%
Ben-Hur
50%
La Cité de Dieu
50%
Le Fabuleux Destin d'Amélie Poulain
50%
Le Grand Bleu
50%
Les Demoiselles de Rochefort
50%
Monstres et Cie
50%
Rambo
50%
Usual Suspects
50%
Amadeus
48%
Le Journal de Bridget Jones
48%
Braveheart
47%
Gone Girl
47%
Imitation Game
47%
Kill Bill: Volume 1
47%
La Môme
47%
La Vérité si je mens !
47%
Le Château ambulant
47%
Mamma Mia!
47%
Shutter Island
47%
The Grand Budapest Hotel
47%
Citizen Kane
46%
Full Metal Jacket
46%
Les incorruptibles
46%
Sister Act
46%
1917
45%
American Nightmare
45%
Le Pianiste
45%
The Greatest Showman
45%
Heat
44%
L'Aile ou la Cuisse
44%
La Vague
44%
Mulholland Drive
44%
Nos jours heureux
44%
Once Upon a Time... in Hollywood
44%
Mars Attacks
43%
V pour Vendetta
43%
Get Out
42%
Les Temps Modernes
42%
Baby Driver
41%
Chantons sous la pluie
41%
127 heures
40%
Babylon
40%
Les Sous-doués
40%
Polisse
40%
Le Seigneur des anneaux : La Communauté de l'anneau
39%
Minority Report
39%
Nosferatu
39%
Reservoir Dogs
39%
Tu ne tueras point
39%
Arrête-moi si tu peux
38%
Bruce tout-puissant
38%
Gravity
38%
Hook ou la Revanche du capitaine Crochet
38%
La Folie des grandeurs
38%
La Mouche
38%
Le Cercle des poètes disparus
38%
Malcolm X
38%
Piège de cristal
38%
Inglourious Basterds
37%
Taxi Driver
37%
American Sniper
36%
Dunkerque
36%
Passengers
36%
Rasta Rockett
36%
La Forme de l'eau
35%
La Traversée de Paris
35%
Le Gendarme de Saint-Tropez
35%
Le Tombeau des lucioles
35%
OSS 117 : Rio ne répond plus
35%
Philadelphia
35%
Saw
35%
The Father
35%
Anatomie d'une chute
33%
Everything Everywhere All at Once
33%
La Tour Montparnasse infernale
33%
Million Dollar Baby
33%
M le maudit
33%
Rain Man
33%
Sur la piste du Marsupilami
33%
There Will Be Blood
33%
Le Pacte des loups
32%
Le Roi et l'Oiseau
32%
Les Figures de l'ombre
32%
L'Étrange Histoire de Benjamin Button
32%
Requiem for a Dream
32%
West Side Story
32%
La Chèvre
31%
La Momie
31%
Le Monde de Narnia : Le Lion, la Sorcière blanche et l'Armoire magique
31%
Les Quatre Cents Coups
31%
Slumdog Millionaire
31%
Hugo Cabret
30%
Killers of the Flower Moon
30%
Le Professionnel
30%
Qui veut la peau de Roger Rabbit
30%
Star Wars, épisode V : L'Empire contre-attaque
30%
12 hommes en colère
29%
Birdman
29%
Le Prestige
29%
L'Exorciste
29%
Pearl Harbor
29%
Rocketman
29%
Un jour sans fin
29%
Gangs of New York
28%
Le Garçon au pyjama rayé
28%
Le Tour du monde en 80 jours
28%
The Social Network
28%
Vol au-dessus d'un nid de coucou
28%
Zodiac
28%
Il était une fois dans l'Ouest
27%
La Chute
27%
Le Dernier des Mohicans
27%
Les Affranchis
27%
Le Seigneur des anneaux : Le Retour du roi
27%
Tonnerre sous les tropiques
27%
Drunk
26%
Edge of Tomorrow
26%
Ex machina
26%
Manchester by the Sea
26%
2001, l'Odyssée de l'espace
25%
Autant en emporte le vent
25%
Barry Lyndon
25%
GoldenEye
25%
Le Hobbit: La désolation de Smaug
25%
Le Petit Monde de don Camillo
25%
Le Pont de la rivière Kwaï
25%
Misery
25%
Skyfall
25%
Taken
25%
Un prophète
25%
Fantastic Mr. Fox
24%
Lion
24%
Sixième Sens
24%
Happiness Therapy
23%
L'Armée des ombres
23%
Un singe en hiver
23%
Borat
22%
Casablanca
22%
Gran Torino
22%
Le Dernier Samouraï
22%
Eyes Wide Shut
21%
Fargo
21%
Le Dernier Empereur
21%
Le Discours d'un roi
21%
Nikita
21%
Ocean's Eleven
21%
The Blues Brothers
21%
The Dallas Buyers Club
21%
Aguirre, la colère de Dieu
20%
Goldfinger
20%
Jojo Rabbit
20%
La Grande Évasion
20%
L'Arme fatale
20%
Le Géant de fer
20%
Le Règne animal
20%
OSS 117 : Le Caire, nid d'espions
20%
Au revoir là-haut
19%
Casino
19%
Le Grand Blond avec une chaussure noire
19%
Le Secret de Brokeback Mountain
19%
Spider-Man : Across the Spider-Verse
19%
Valérian et la Cité des mille planètes
19%
Big
18%
Eternal Sunshine of the Spotless Mind
18%
Ip Man
18%
La vie est un long fleuve tranquille
18%
Le Placard
18%
Monty Python : Sacré Graal !
18%
Shaun of the Dead
18%
Twilight, chapitre I : Fascination
18%
Incassable
17%
Independence Day
17%
L'Associé du diable
17%
Pirates des Caraïbes : La Malédiction du Black Pearl
17%
Raging Bull
17%
The Game
17%
Y a-t-il un pilote dans l'avion ?
17%
Apocalypse Now
16%
Armageddon
16%
Les Griffes de la nuit
16%
Les Lumières de la ville
16%
Blue Velvet
15%
Fenêtre sur cour
15%
Indiana Jones et la Dernière Croisade
15%
Le Vieux Fusil
15%
500 jours ensemble
14%
Jeu d'enfant
14%
La Rage au ventre
14%
Les Aventures de Tintin : Le Secret de La Licorne
14%
Point Break
14%
Subway
14%
The Thing
14%
Danse avec les loups
13%
Hellraiser
13%
Je verrai toujours vos visages
13%
La Ligne rouge
13%
Le Fugitif
13%
Le Parrain, 2e partie
13%
L'Inspecteur Harry
13%
Mais où est donc passée la septième compagnie ?
13%
Moonlight
13%
Paris, Texas
13%
Prisoners
13%
Adieu les cons
12%
Docteur Jekyll et M. Hyde
12%
Kramer contre Kramer
12%
Les Ailes du désir
12%
Mystic River
12%
La vie est belle
11%
Le Nom de la rose
11%
Rio Bravo
11%
Carrie au bal du diable
10%
Docteur Folamour
10%
Donnie Darko
10%
Kingsman : Services secrets
10%
La Mémoire dans la peau
10%
Le Samouraï
10%
Moulin Rouge
10%
Seven Sisters
10%
The Equalizer
10%
Captain Fantastic
9%
Le Goût des autres
9%
Les Rivières pourpres
9%
Un après-midi de chien
9%
Annie Hall
8%
Big Fish
8%
Il était une fois en Amérique
8%
Les Sentiers de la gloire
8%
Mon oncle
8%
The Big Lebowski
8%
Il était une fois le Bronx
7%
Impitoyable
7%
La Grande Bouffe
7%
Le Clan des Siciliens
7%
Les Dix Commandements
7%
Les Sept Samouraïs
7%
Mean Streets
7%
N'oublie jamais
7%
Pierrot le Fou
7%
Un homme d'exception
7%
Belle de jour
6%
Boulevard du crépuscule
6%
Chicago
6%
Dracula
6%
La Passion de Jeanne d'Arc
6%
La Porte du paradis
6%
Le Magnifique
6%
Les Infiltrés
6%
Mommy
6%
New York 1997
6%
Starship Troopers
6%
Une nuit en enfer
6%
Voyage au bout de l'enfer
6%
Bean
5%
La Vie des autres
5%
Le crime était presque parfait
5%
Le Septième Sceau
5%
Les Huit Salopards
5%
Out of Africa
5%
Take Shelter
5%
The Fabelmans
5%
Total Recall
5%
Diamants sur canapé
4%
La Dernière Tentation du Christ
4%
Les Aventures de Jack Burton dans les griffes du Mandarin
4%
100 Dollars pour un shérif
0%
À bout de souffle
0%
Au hasard Balthazar
0%
Blade Runner
0%
Cent Mille Dollars au soleil
0%
Chinatown
0%
Cléo de 5 à 7
0%
Dancer in the Dark
0%
Duel
0%
Du sang et des larmes
0%
Gigi
0%
Halloween : La Nuit des masques
0%
Huit et demi
0%
La Chevauchée fantastique
0%
La Folle Journée de Ferris Bueller
0%
La Grande Illusion
0%
La Maman et la Putain
0%
La Mort aux trousses
0%
La Nuit du chasseur
0%
La Prisonnière du désert
0%
La Règle du jeu
0%
Last Action Hero
0%
La Valse des pantins
0%
La Vérité
0%
Le Cabinet du docteur Caligari
0%
Le Fondateur
0%
Le Mépris
0%
Le Patient anglais
0%
Les Douze Salopards
0%
Les Enfants du paradis
0%
Le Trou
0%
L'Homme qui tua Liberty Valance
0%
L'Impasse
0%
Macadam Cowboy
0%
Midnight Express
0%
My Fair Lady
0%
Nomadland
0%
Persona
0%
Point limite
0%
Rashōmon
0%
Spotlight
0%
Sueurs froides
0%
Sur la route de Madison
0%
Vivre
0%
Aucun quiz correspondant
Distribution des résultats
% des personnes avec chaque résultat
Percentile par nombre de réponses
Votre historique - résultats
Vous n’avez pas pris ce quiz depuis la dernière actualisation